Central Library OPAC University of Rajshahi

BASIC programming for the IBM personal computer / (Record no. 66235)

MARC details
000 -LEADER
fixed length control field 00833nam a2200265 a 4500
001 - CONTROL NUMBER
control field 66235
003 - CONTROL NUMBER IDENTIFIER
rucl marc code BD-RjUL
005 - DATE AND TIME OF LATEST TRANSACTION
control field 20211209081520.0
008 - FIXED-LENGTH DATA ELEMENTS--GENERAL INFORMATION
fixed length control field 170315s1987 nyua 001 0 eng d
020 ## - INTERNATIONAL STANDARD BOOK NUMBER
International Standard Book Number 0471898279 :
035 ## - SYSTEM CONTROL NUMBER
System control number (BD-RjUL)66365
040 ## - CATALOGING SOURCE
Original cataloging agency DLC
Transcribing agency DLC
Modifying agency BD-RjUL
Language of cataloging eng
041 ## - LANGUAGE CODE
Language code of text/sound track or separate title eng
082 00 - DEWEY DECIMAL CLASSIFICATION NUMBER
Classification number 005.265
Edition number 23
Author mark and year DIB 1987
100 1# - MAIN ENTRY--PERSONAL NAME
Personal name Diehr, George
9 (RLIN) 196017
245 10 - TITLE STATEMENT
Title BASIC programming for the IBM personal computer /
Statement of responsibility, etc. George Diehr ; Terry Barron ; Thomas Munro
260 ## - PUBLICATION, DISTRIBUTION, ETC. (IMPRINT)
Place of publication, distribution, etc. New York :
Name of publisher, distributor, etc. John Wiley & Sons,
Date of publication, distribution, etc. c1987.
300 ## - PHYSICAL DESCRIPTION
Pagination xviii, 534 p. :
Illustrations ill. ;
Size 28 cm.
500 ## - GENERAL NOTE
General note Includes index.
650 #0 - SUBJECT ADDED ENTRY--TOPICAL TERM
Topical term or geographic name as entry element IBM Personal Computer
General subdivision Programming.
9 (RLIN) 184092
Topical term or geographic name as entry element BASIC (Computer program language)
9 (RLIN) 177088
700 1# - ADDED ENTRY--PERSONAL NAME
Personal name Barron, Terry
Personal name Munro, Thomas
942 ## - ADDED ENTRY ELEMENTS (KOHA)
Source of classification or shelving scheme Dewey Decimal Classification
Koha item type Books
Holdings
Lost status Source of classification or shelving scheme Damaged status Not for loan Collection code Permanent Location Current Location Shelving location Date acquired Total Checkouts Full call number Date last seen Copy number Koha item type
  Dewey Decimal Classification   Not For Loan Non-fiction Central Library, University of Rajshahi Central Library, University of Rajshahi Reading Room 29/07/1989   005.265 DIB 1987 15/03/2017 C-1 Books